{"text_format":"3","workbook":"xls","n_sheets":1,"sheets":["幕墙工程材料计算"],"not_rendered":{"external_links":1,"defined_names":44},"read":"whole","date_system":"1900","formulas":"cached_only"}

{"sheet":"幕墙工程材料计算","index":0,"n_rows":93,"n_cols":12,"rows_kept":93,"merged":[[0,0,0,7],[1,0,1,7],[36,1,36,2],[53,1,53,2],[83,1,83,2],[86,1,86,2]],"flags":["formulas_cached_only"]}
["幕墙工程材料计算"]
[]
["序号","项目名称","规格特征","单位","线密度","数量","工程量","备注"]
[{"$nulls":8},28772,13954,21811,1751]
["一","铝合金型材（幕墙）"]
["1","铝合金立柱","编号：XC001\n材质要求：6063-T6\n表面处理：粉末喷涂","kg",4.435,5684,25209]
["2","铝合金套芯","编号：XC002\n材质要求：6063-T5\n表面处理：阳极氧化","kg",3.326,2554,8495]
["3","铝合金压块（无装饰大线条）","编号：XC003\n材质要求：6063-T5\n表面处理：阳极氧化","kg",0.724,4319,3127]
["4","铝合金扣盖（无装饰大线条）","编号：XC004\n材质要求：6063-T5\n表面处理：氟碳喷涂","kg",0.355,4319,1533]
["5","铝合金横梁","编号：XC005\n材质要求：6063-T5\n表面处理：粉末喷涂","kg",2.321,5831,13534]
["6","铝合金横梁扣盖","编号：XC006\n材质要求：6063-T5\n表面处理：粉末喷涂","kg",0.236,6333,1495]
["7","铝合金装饰线条扣盖","编号：XC007\n材质要求：6063-T5\n表面处理：氟碳喷涂","kg",0.289,11368,3285]
["8","转角压块","编号：XC008\n材质要求：6063-T6\n表面处理：阳极氧化","kg",0.662,196,130]
["9","铝合金窗扇","编号：XC009\n材质要求：6063-T5\n表面处理：粉末喷涂","kg",1.496,1700,2543]
["10","铝合金窗框","编号：XC010\n材质要求：6063-T6\n表面处理：粉末喷涂","kg",1.326,1700,2254]
["11","铝合金封边","编号：XC011\n材质要求：6063-T5\n表面处理：粉末喷涂","kg",1.12,1876,2101]
["12","铝合金转角立柱压块","编号：XC012\n材质要求：6063-T5\n表面处理：氟碳喷涂","kg",1.112,196,218]
["13","铝合金大装饰条压块","编号：XC013\n材质要求：6063-T5\n表面处理：阳极氧化","kg",2.167,5684,12317]
["14","铝合金百叶框","编号：XC014\n材质要求：6063-T5\n表面处理：粉末喷涂","kg",2.155,176,379]
["15","铝合金门压线","编号：XC015\n材质要求：6063-T5\n表面处理：粉末喷涂","kg",0.557,134,75]
["16","铝合金门框","编号：XC016\n材质要求：6063-T5\n表面处理：粉末喷涂","kg",3.285,235,772]
["17","铝合金门玻压线","编号：XC017\n材质要求：6063-T5\n表面处理：粉末喷涂","kg",0.376,235,88]
["18","铝合金百叶托马","编号：XC018\n材质要求：6063-T5\n表面处理：粉末喷涂","kg",0.562,337,189]
["19","铝合金百叶边框","编号：XC019\n材质要求：6063-T5\n表面处理：粉末喷涂","kg",0.577,294,170]
["20","铝合金百叶框","编号：XC020\n材质要求：6063-T5\n表面处理：粉末喷涂","kg",0.99,148,147]
["21","铝合金百叶","编号：XC021\n材质要求：6063-T5\n表面处理：粉末喷涂","kg",0.551,337,186]
["22","铝合金百叶","编号：XC022\n材质要求：6063-T5\n表面处理：粉末喷涂","kg",0.393,337,132]
["23","铝角码","编号：XC023\n材质要求：6063-T5\n表面处理：阳极氧化","kg",0.465,508,236]
["24","铝角码","编号：XC024\n材质要求：6063-T5\n表面处理：阳极氧化","kg",4.125,508,2096]
["25","铝合金大装饰条","编号：XC025\n材质要求：6063-T6\n表面处理：氟碳喷涂","kg",6.345,5684,36065]
["26","铝合金转角立柱","编号：XC026\n材质要求：6063-T6\n表面处理：粉末喷涂","kg",5.831,196,1143]
["27","铝合金窗副框","编号：XC027\n材质要求：6063-T6\n表面处理：粉末喷涂","kg",0.149,1116,166]
["28","30*20*1.0方通","编号：30*20*1.0方通\n材质要求：6063-T5\n表面处理：粉末喷涂","kg",0.324,449,145]
["29","50*50*4铝槽加强助","编号：50*50*4铝槽加强助\n材质要求：6063-T5\n表面处理：粉末喷涂","kg",1.662,30,50]
[null,null,"合计",{"$nulls":3},118280]
["二","玻璃（幕墙）"]
["1","6mmLOW-E黄色彩釉+12A+6mm中空钢化玻璃"]
[null,null,"1200*1050","m2",1.26,4,5.04]
[null,null,"1400*1050","m2",1.47,98,144.06]
[null,null,"1200*950","m2",1.14,4,4.56]
[null,null,"1400*950","m2",1.33,98,130.34]
[null,null,"1200*2500","m2",3,4,{"v":12,"d":"12.0"}]
[null,null,"1400*2500","m2",3.5,64,{"v":224,"d":"224.0"}]
[null,null,"1400*1300","m2",1.82,28,50.96]
[null,null,"1400*1200悬开","m2",1.68,30,50.4]
[null,null,"1400*1300悬开","m2",1.82,2,3.64]
[null,null,"500*1050","m2",0.525,4,2.1]
[null,null,"500*950","m2",0.475,4,1.9]
[null,null,"500*2500","m2",1.25,4,{"v":5,"d":"5.0"}]
[null,null,"1400*1250","m2",1.75,12,{"v":21,"d":"21.0"}]
[null,null,"1400*1850","m2",2.59,12,31.08]
[null,null,"1400*2400","m2",3.36,12,40.32]
[null,null,"合计","m2",null,null,726.4]
["2","6mm浅蓝色LOW-E+12A+白玻6mm中空钢化玻璃"]
[null,null,"1200*1050","m2",1.26,52,65.52]
[null,null,"1400*1050","m2",1.47,770,1131.9]
[null,null,"1200*950","m2",1.14,52,59.28]
[null,null,"1400*950","m2",1.33,770,1024.1]
[null,null,"1200*2500","m2",3,52,{"v":156,"d":"156.0"}]
[null,null,"1400*2500","m2",3.5,545,1907.5]
[null,null,"1400*1300","m2",1.82,189,343.98]
[null,null,"1400*1200悬开","m2",1.68,211,354.48]
[null,null,"1400*1300悬开","m2",1.82,26,47.32]
[null,null,"500*1050","m2",0.525,52,27.3]
[null,null,"500*950","m2",0.475,52,24.7]
[null,null,"500*2500","m2",1.25,52,{"v":65,"d":"65.0"}]
[null,null,"1400*1250","m2",1.75,118,206.5]
[null,null,"1200*1250","m2",1.5,8,{"v":12,"d":"12.0"}]
[null,null,"1400*1850","m2",2.59,103,266.77]
[null,null,"1200*1850","m2",2.22,7,15.54]
[null,null,"1400*2400","m2",3.36,116,389.76]
[null,null,"1200*2400","m2",2.88,8,23.04]
[null,null,"1200*1580","m2",1.896,8,15.17]
[null,null,"1400*1580","m2",2.212,124,274.29]
[null,null,"1200*1450","m2",1.74,8,13.92]
[null,null,"1400*1450","m2",2.03,122,247.66]
[null,null,"1200*900","m2",1.08,8,8.64]
[null,null,"1400*900","m2",1.26,124,156.24]
[null,null,"500*1580","m2",0.79,8,6.32]
[null,null,"500*1450","m2",0.725,8,5.8]
[null,null,"500*900","m2",0.45,8,3.6]
[null,null,"1400*1450悬开","m2",2.03,2,4.06]
[null,null,"合计",{"$nulls":3},6856.39]
["3","6mm浅蓝色LOW-E+12A+白玻6mm中空钢化玻璃 防爆"]
[null,"救援窗","1400*2500","m2",3.5,"14",{"v":49,"d":"49.0"}]
[null,null,"合计","m2",null,null,{"v":49,"d":"49.0"}]
["4","6mm浅蓝色LOW-E+12A+白玻6mm中空钢化玻璃 防火玻璃"]
[null,"配电室","750*2400","m2",1.8,"2",3.6]
[null,null,"650*2400","m2",1.56,"2",3.12]
[null,null,"1400*1850","m2",2.59,"4",10.36]
[null,null,"1400*2400","m2",3.36,"2",6.72]
[null,null,"1400*1200悬开","m2",1.68,"4",6.72]
[null,null,"合计","m2",null,null,30.52]